Etika v podnikání : studijní opora /

Hlavní autor: Nečadová, Věra
Korporativní autor: Vysoká škola polytechnická Jihlava. Katedra ekonomických studií
Jazyk: Čeština
Vydáno: Jihlava : Vysoká škola polytechnická Jihlava, 2014 [i.e. 2015]
Vydání: 1. vyd.
Témata:
Fyzický popis: 271 s. : il. ; 30 cm
Knihy
Uloženo v:
LEADER 01506nam a2200397 a 4500
001 nkc20152680913
003 CZ PrNK
005 20170511103541.0
007 ta
008 150227s2015 xr a e p 000 0 cze
015 |a cnb002680913 
020 |a 978-80-88064-04-6  |q (kroužková vazba) 
035 |a (OCoLC)908821582 
040 |a BOA001  |b cze  |d ABA001 
072 7 |a 658  |x Řízení a správa podniku  |2 Konspekt  |9 4 
072 7 |a 37.016  |x Učební osnovy. Vyučovací předměty. Učebnice  |2 Konspekt  |9 22 
080 |a 17:658  |2 MRF 
080 |a (075.8)  |2 MRF 
100 1 |a Nečadová, Věra  |7 ola2015862121  |4 aut 
245 1 0 |a Etika v podnikání :  |b studijní opora /  |c Věra Nečadová 
250 |a 1. vyd. 
260 |a Jihlava :  |b Vysoká škola polytechnická Jihlava,  |c 2014 [i.e. 2015] 
300 |a 271 s. :  |b il. ;  |c 30 cm 
500 |a Nad názvem: Vysoká škola polytechnická Jihlava, katedra ekonomických studií 
500 |a Správné vročení v tiráži 
504 |a Obsahuje bibliografie 
650 0 7 |a manažerská etika  |7 ph115761  |2 czenas 
650 0 9 |a business ethics  |2 eczenas 
655 7 |a učebnice vysokých škol  |7 fd133772  |2 czenas 
655 9 |a textbooks (higher)  |2 eczenas 
710 2 |a Vysoká škola polytechnická Jihlava.  |b Katedra ekonomických studií  |7 ko2015861710 
910 2 |a BOA001  |b 4-1343.325 
990 |a BK 
995 |a 01 
991 |b 201503  |c NOV  |e n 
996 6 |b 2610624855  |c 4-1343.325  |l MZK  |r Sklad / do 1 hodiny  |n 9  |p p.v.  |w 001494336  |u 000010  |a 1  |e BOA001  |j MZK50  |s P